Welcome to the Holygrace Academy Library

Please use search bar below to get started

WORLD CONSTITUTIONS (Record no. 1593)

MARC details
000 -LEADER
fixed length control field 00449nam a22001697a 4500
020 ## - INTERNATIONAL STANDARD BOOK NUMBER
ISBN 81-207-1937-9
082 ## - DEWEY DECIMAL CLASSIFICATION NUMBER
Classification number 320
Item number BHA/W
100 ## - MAIN ENTRY--AUTHOR NAME
Personal name BHAGWAN, VISHNOO
100 ## - MAIN ENTRY--AUTHOR NAME
Personal name BHUSHAN, VIDYA
245 ## - TITLE STATEMENT
Title WORLD CONSTITUTIONS
Remainder of title SOCIAL SCIENCE
246 ## - VARYING FORM OF TITLE
Title proper/short title WORLD CONSTITUTIONS
Remainder of title SOCIAL SCIENCE
260 ## - PUBLICATION, DISTRIBUTION, ETC. (IMPRINT)
Place of publication NEW DELHI
Name of publisher STERLING PUBLISHERS PROVATE LIMITED
Year of publication 1984
300 ## - PHYSICAL DESCRIPTION
Number of Pages 729
520 ## - SUMMARY, ETC.
Summary, etc SOCIAL SCIENCE
650 ## - SUBJECT ADDED ENTRY--TOPICAL TERM
Topical Term SOCIAL SCIENCE
942 ## - ADDED ENTRY ELEMENTS (KOHA)
Koha item type Books
Holdings
Withdrawn status Lost status Collection code Home library Current library Shelving location Date acquired Source of acquisition Cost, normal purchase price Full call number Accession Number Koha item type
    Reference Main Library Main Library SHELF-5 G REFERENCE SOCIAL SCIENCE 24/10/2006 Purchase 250.00 320 BHA/W 04179 Books